Normal view MARC view
  • Naeem Ul Hassan

Entry Personal Name

Number of records used in: 1

001 - CONTROL NUMBER

  • control field: 119878

003 - CONTROL NUMBER IDENTIFIER

  • control field: NUST

005 - DATE AND TIME OF LATEST TRANSACTION

  • control field: 20240116113008.0

008 - FIXED-LENGTH DATA ELEMENTS

  • fixed length control field: 240116|| aca||aabn | a|a d

040 ## - CATALOGING SOURCE

  • Original cataloging agency: NUST
  • Transcribing agency: NUST

100 ## - HEADING--PERSONAL NAME

  • Personal name: Naeem Ul Hassan

670 ## - SOURCE DATA FOUND

  • Source citation: Work cat.: (NUST): Naeem Ul Hassan, Preparation and Characterization of Pure Pla Filament and Pbat-Reinforced Pla Filament For Fdm 3d Printing /
© 2023 Central Library, National University of Sciences and Technology. All Rights Reserved.